000
00269nam a2200109Ia 4500
008
220204s9999 xx 000 0 und d
082
_a
929 A/Z (GIB)
_b
DEB
100
_a
Gavin
245
0
_a
Gibbon and his world
260
_a
London
_b
Thames and Hudson
_c
1968
942
_c
BK
999
_c
34497
_d
34497